000 01137cam a22003134a 4500
005 20260322212045.0
008 data
010 _a 2003103956
020 _a0764126660
020 _a9780764126666
040 _aDLC
_cDLC
_dDLC
042 _apcc
050 0 0 _aTT920
_b.A83 2004
082 0 0 _a738.1
_222
092 _a738.1 A83 2004
100 1 _aAtkin, Jacqui.
245 1 0 _aHandbuilt pottery techniques revealed :
_bthe secrets of handbuilding shown in unique cutaway photography /
_cJacqui Atkin.
250 _a1st ed.
260 _aHauppauge, N.Y. :
_bBarron's Educational Series,
_c2004.
300 _a160 p. :
_bcol. ill. ;
_c29 cm.
500 _a"A Quarto book"--T.p. verso.
500 _aIncludes index.
650 0 _aPottery craft.
856 4 2 _3Publisher description
_uhttp://www.loc.gov/catdir/description/barrons041/2003103956.html
906 _a7
_bcbc
_corignew
_d2
_eepcn
_f20
_gy-gencatlg
925 0 _aacquire
_b2 shelf copies
_xpolicy default
001 data
999 _c1065
_d1065